Cây bưởi : Kỹ thuật canh tác cây ăn trái = Kỹ thuật canh tác cây ăn trái : Cây bưởi

Nội dung sách giới thiệu về nguồn gốc, đặc điểm thực vật học, yêu cầu điều kiện ngoại cảnh, giống và kỹ thuật nhân giống, kỹ thuật trồng trọt, chăm sóc, phòng trừ sâu bệnh,... của cây bưởi....

תיאור מלא

שמור ב:
מידע ביבליוגרפי
מחבר ראשי: Nguyễn, Danh Vàn
פורמט: ספר
שפה:Undetermined
יצא לאור: Thành phố Hồ Chí Minh Tổng hợp Thành phố Hồ Chí Minh 2008
נושאים:
תגים: הוספת תג
אין תגיות, היה/י הראשונ/ה לתייג את הרשומה!
Thư viện lưu trữ: Trung tâm Học liệu Trường Đại học Cần Thơ
LEADER 01018nam a2200217Ia 4500
001 CTU_154843
008 210402s9999 xx 000 0 und d
020 |c 29000 
082 |a 634.304 
082 |b V105/Q.1 
100 |a Nguyễn, Danh Vàn 
245 0 |a Cây bưởi : 
245 0 |b Kỹ thuật canh tác cây ăn trái = Kỹ thuật canh tác cây ăn trái : Cây bưởi 
245 0 |c Nguyễn Danh Vàn 
260 |a Thành phố Hồ Chí Minh 
260 |b Tổng hợp Thành phố Hồ Chí Minh 
260 |c 2008 
520 |a Nội dung sách giới thiệu về nguồn gốc, đặc điểm thực vật học, yêu cầu điều kiện ngoại cảnh, giống và kỹ thuật nhân giống, kỹ thuật trồng trọt, chăm sóc, phòng trừ sâu bệnh,... của cây bưởi. 
650 |a Pomelo,Citrus fruits 
904 |i Giang 
980 |a Trung tâm Học liệu Trường Đại học Cần Thơ